00284nam a2200109Ia 4500008004100000041001200041082001100053100001800064245008000082260000600162650000600168221030s9999 xx 000 0 und d aEnglish a105.23 aR. P. Feynman 4aThe Feynman Lectures on Physics Quantum Mechanics Vol IIIcby R. P. Feynman c0 aB